000
00335nam a22001457a 4500
003
OSt
008
250425b |||||||| |||| 00| 0 eng d
020
_a
9780099511892
100
_a
RUSHDIE,Salman
245
_a
Midnight,s Children
260
_a
United kingdom
_b
vintage
_c
2021
300
_a
647
650
_a
General
942
_2
ddc
_c
BK
999
_c
13450
_d
13450